00918cas a2200241 i 45000010009000000050017000090080041000260100017000670220014000840350024000980400048001220410008001700420008001780800012001860820012001981000007002101010008002172450081002252460053003063620033003595800160003927760124005521831555420180306092709.0000412d1999uuuusi uu p 0 a0eng c a 2014252453 z0374-2806 a(OCoLC)ocm43838513  aCU-SbengcCU-SdFUdOCoLCdOCLCFdWaUerda aeng apcc a53 CLA 253 CLA a43 afiz00a modern physics.nPart C,pComments on plasma physics and controlled fusion.30aComments on plasma physics and controlled fusion1 aBegan with: Issue C1 (1999). aCumulates Section C of: Comments on modern physics (1999), which was a merger of five journals including: Comments on plasma physics and controlled fusion.08iOnline version:tComments on modern physics. Part C, Comments on plasma physics and controlled fusionw(OCoLC)701571658